00286nam a2200097Ia 4500008004100000082001200041100003400053245008500087260000600172300001000178190415s9999 xx 000 0 und d aRI.002; aIndia. National Commission on 0aHigher education in India : A survey / Moonis Raza, Y.P. Aggarwal and Mabud Hasa c0 a154p.